[Event "Silver Lake Open-A 2018"]
[Site "Veliko Gradiste"]
[Date "2018.06.22"]
[Round "7"]
[White "Baglan, Esat"]
[Black "Radovanovic, Mihajlo"]
[Result "1-0"]
[WhiteElo "2314"]
[BlackElo "2419"]
[Annotator "TA"]
[PlyCount "57"]
[EventDate "2018.06.21"]
[EventType "swiss"]
[EventCountry "SRB"]
[SourceTitle "playchess.com"]
[Source "ChessBase"]
[SourceQuality "1"]

{[%evp 21,57,20,30,7,12,9,-11,-89,158,159,163,155,166,167,151,155,159,158,244,133,147,163,331,321,323,302,320,293,650,684,668,664,732,726,726,721,708,701]} 1. e4 c5 2. Nf3 d6 3. d4 cxd4 4. Nxd4 Nf6 5. Nc3 a6 6. Bg5 Nbd7 7. Qe2 {B94: Sicilian Najdorf: 6 Bg5 Nbd7} (7. Bc4 h6 8. Bh4 g6 9. Qe2 e5 10. Nb3 Be7 11. a4 Nb6 12. Bd3 Be6 13. a5 Nbd7 14. Bc4 Rc8 15. Bxe6 fxe6 16. O-O {1-0 (79) Nepomniachtchi,I (2751)-Fedoseev,V (2724) Moscow 2018}) 7... h6 8. Bh4 g6 9. f4 e5 10. O-O-O Qc7 11. fxe5 dxe5 {LiveBook: 69 Games} 12. Nd5 Nxd5 13. exd5 {[%cal Be4d5,Bd5e6][%mdl 32]} Bd6 14. g4 {[#]} (14. Nb3 $11) 14... Kf8 $146 {[#]} (14... h5 $1 $17 15. gxh5 Rxh5) ({Predecessor:} 14... h5 15. gxh5 Rxh5 {0-1 (35) Kosteniuk,A (2529)-Bodnaruk,A (2382) Sochi 2015}) 15. Ne6+ $1 $16 {[%mdl 512]} fxe6 16. dxe6 Kg7 {aiming for ...Nc5.} 17. Qd3 Nc5 18. Qxd6 Qxd6 19. Rxd6 {Hoping for e7.} Nxe6 (19... Re8 $16 20. Bg2 Nxe6) 20. Bc4 (20. Bg3 $18 Nf4 21. Bd3 Nxd3+ 22. cxd3) 20... Re8 21. Re1 Nf4 $2 (21... g5) 22. Bf6+ $18 Kh7 23. Rb6 ({Weaker is} 23. Rxe5 Bxg4 24. Bf7 Rxe5 $16) 23... e4 24. Bf7 Bxg4 $2 (24... Rf8) 25. Rxb7 {Be6+ would kill now.White is clearly winning.} Rab8 26. Rxe4 Ne2+ 27. Kd2 Red8+ 28. Bxd8 Rxb7 29. Rxg4 {Precision: White = 57%, Black = 37%.} 1-0

[Event "Silver Lake Open-A 2018"]
[Site "Veliko Gradiste"]
[Date "2018.06.22"]
[Round "7"]
[White "Injac, Teodora"]
[Black "Low, Zhen Yu Cyrus"]
[Result "1/2-1/2"]
[WhiteElo "2282"]
[BlackElo "2387"]
[Annotator "NA"]
[PlyCount "72"]
[EventDate "2018.06.21"]
[EventType "swiss"]
[EventCountry "SRB"]
[SourceTitle "playchess.com"]
[Source "ChessBase"]
[SourceQuality "1"]
[TimeControl "40/5400+30:900+30"]

1. d4 {[%emt 0:02:47]} Nf6 {[%emt 0:00:09]} 2. Nf3 {[%emt 0:00:06]} g6 {[%emt 0:00:17]} 3. Nbd2 {[%emt 0:00:21]} d5 {[%emt 0:02:10]} 4. e3 {[%emt 0:00:11]} Bg7 {[%emt 0:00:23]} 5. b4 {[%emt 0:00:11]} a5 {[%emt 0:05:29]} 6. b5 {[%emt 0:00:31]} c5 {[%emt 0:01:04]} 7. bxc6 {[%emt 0:00:40]} Nxc6 {[%emt 0:00:06]} 8. Be2 {[%emt 0:02:08]} O-O {[%emt 0:07:57]} 9. O-O {[%emt 0:00:28]} Bf5 {[%emt 0:00:08]} 10. Bb2 {[%emt 0:00:42]} Qb6 {[%emt 0:06:06]} 11. Ba3 {[%emt 0:13:57]} Rac8 {[%emt 0:11:27]} 12. c4 {[%emt 0:08:54]} Rfe8 {[%emt 0:06:59]} 13. Rc1 {[%emt 0:09:27]} Nb4 {[%emt 0:08:55]} 14. Qb3 {[%emt 0:02:59]} dxc4 {[%emt 0:14:47]} 15. Nxc4 {[%emt 0:01:50]} Qa6 {[%emt 0:02:30]} 16. Rfe1 {[%emt 0:25:59]} b5 {[%emt 0:08:03]} 17. Nce5 {[%emt 0:06:32]} Be6 {[%emt 0:00:22]} 18. Qb2 {[%emt 0:00:06]} Nfd5 {[%emt 0:14:01]} 19. Nd3 {[%emt 0:02:50]} Nxd3 {[%emt 0:03:10]} 20. Bxd3 {[%emt 0:00:03]} Bd7 {[%emt 0:00:29]} 21. Qd2 {[%emt 0:07:20]} Nb6 {[%emt 0:04:08]} 22. Rxc8 {[%emt 0:02:21]} Bxc8 {[%emt 0:00:01]} 23. Qe2 {[%emt 0:01:53]} Nc4 {[%emt 0:01:08]} 24. Bc5 {[%emt 0:03:31]} Bd7 {[%emt 0:01:06]} 25. a4 {[%emt 0:00:38]} e5 {[%emt 0:00:59]} 26. axb5 {[%emt 0:04:34]} Bxb5 27. dxe5 {[%emt 0:01:09]} Rb8 {[%emt 0:01:21]} 28. Rb1 {[%emt 0:00:31]} Rc8 {[%emt 0:00:24]} 29. Bd4 {[%emt 0:01:10]} a4 {[%emt 0:00:37]} 30. Nd2 {[%emt 0:00:34]} Nxd2 {[%emt 0:00:32]} 31. Bxb5 {[%emt 0:00:05]} Qa5 {[%emt 0:00:40]} 32. Rd1 {[%emt 0:00:44]} Nb3 {[%emt 0:00:00]} 33. Bc4 {[%emt 0:00:39]} Bxe5 {[%emt 0:00:41]} 34. Bxe5 {[%emt 0:00:25]} Qxe5 {[%emt 0:00:02]} 35. Qd3 {[%emt 0:00:39]} Nc5 {[%emt 0:00:59]} 36. Qc2 {[%emt 0:00:28]} Kg7 {[%emt 0:00:49]} 1/2-1/2

[Event "Silver Lake Open-A 2018"]
[Site "Veliko Gradiste"]
[Date "2018.06.22"]
[Round "7"]
[White "Avalyan, Artur"]
[Black "Sanal, Vahap"]
[Result "0-1"]
[WhiteElo "2268"]
[BlackElo "2510"]
[Annotator "TA"]
[PlyCount "74"]
[EventDate "2018.06.21"]
[EventType "swiss"]
[EventCountry "SRB"]
[SourceTitle "playchess.com"]
[Source "ChessBase"]
[SourceQuality "1"]

{[%evp 9,74,17,10,15,23,23,20,18,19,18,16,23,16,16,35,16,59,35,44,43,45,22,17,25,8,0,20,15,16,0,0,0,0,0,0,0,0,-25,27,0,0,0,0,0,0,-30,-27,-27,-27,-34,-23,-21,-18,-10,-25,-150,-136,-235,-208,-275,-252,-505,-478,-479,-411,-564,-557]} 1. d4 d6 2. c4 e5 3. d5 Be7 4. Nc3 Bg5 (4... a5 5. Nf3 Na6 6. e4 Nf6 7. Bd3 O-O 8. O-O Ne8 9. a3 Bg4 10. Rb1 c5 11. Be2 Bxf3 12. Bxf3 {0-1 (43) Heberla,B (2580)-Moranda,W (2595) Poland 2017}) 5. e4 Bxc1 6. Rxc1 {A41: 1 d4 d6: Tartakower System and Modern Defence} Nf6 7. Bd3 O-O $146 ({Predecessor:} 7... Nbd7 8. b4 a5 9. a3 O-O 10. g4 axb4 11. axb4 c6 12. dxc6 bxc6 {½-½ (39) Steponavicius,S-Verlan,S Rimavska Sobota 1992}) 8. Nge2 {The position is equal.} a5 9. O-O Na6 10. Qd2 Bd7 11. Ng3 Nc5 12. Bc2 g6 13. b3 Qe7 14. a3 c6 15. b4 axb4 16. axb4 Na6 17. Rb1 c5 18. b5 Nb4 19. Ra1 h5 20. Nge2 h4 21. h3 Nh5 22. Kh2 Nf4 23. Ba4 Ra5 (23... Qf6 $142) 24. Bb3 Rfa8 25. Rxa5 Rxa5 26. Nxf4 exf4 27. Qxf4 Ra3 {Strongly threatening ...Nd3.} 28. Rb1 Nd3 29. Qd2 Nxf2 30. Qxf2 {And now Kh1 would win.} Qe5+ 31. Kg1 {Hoping for Qd2.} Qxc3 32. Rf1 {[#]} (32. Qxh4 $11 Rxb3 33. Rxb3 Qxb3 34. Qd8+ Kg7 35. Qxd7) 32... Be8 $1 $36 {[%mdl 2048] Black is really pushing.} 33. Bd1 (33. Ba2 $17 {is a better defense.}) 33... Qxc4 $19 34. Qxh4 {[#]} Qd4+ $1 35. Kh1 $2 (35. Kh2 {was called for.} Qe5+ 36. Qf4) 35... Bxb5 36. Re1 Kg7 37. Bf3 Ra1 {Precision: White = 42%, Black = 78%.} 0-1

[Event "Silver Lake Open-A 2018"]
[Site "Veliko Gradiste"]
[Date "2018.06.22"]
[Round "7"]
[White "Mastrapovic, Vladimir"]
[Black "Markovic, Zoran S"]
[Result "1/2-1/2"]
[WhiteElo "2237"]
[BlackElo "2350"]
[Annotator "NA"]
[PlyCount "76"]
[EventDate "2018.06.21"]
[EventType "swiss"]
[EventCountry "SRB"]
[SourceTitle "playchess.com"]
[Source "ChessBase"]
[SourceQuality "1"]
[TimeControl "40/5400+30:900+30"]

1. e4 {[%emt 0:00:00]} c5 {[%emt 0:00:11]} 2. Nf3 {[%emt 0:00:00]} Nc6 {[%emt 0:00:06]} 3. d4 {[%emt 0:00:06]} cxd4 {[%emt 0:00:07]} 4. Nxd4 {[%emt 0:00:11]} Nf6 {[%emt 0:00:11]} 5. Nc3 {[%emt 0:00:08]} e5 {[%emt 0:00:08]} 6. Ndb5 {[%emt 0:00:19]} d6 {[%emt 0:00:25]} 7. Bg5 {[%emt 0:01:14]} a6 {[%emt 0:00:19]} 8. Na3 {[%emt 0:00:09]} b5 {[%emt 0:00:20]} 9. Nd5 {[%emt 0:00:08]} Be7 {[%emt 0:00:33]} 10. Bxf6 {[%emt 0:00:09]} Bxf6 {[%emt 0:00:08]} 11. c4 {[%emt 0:00:08]} b4 {[%emt 0:00:56]} 12. Nc2 {[%emt 0:00:15]} a5 {[%emt 0:02:48]} 13. g3 {[%emt 0:00:28]} O-O {[%emt 0:00:58]} 14. Bg2 {[%emt 0:01:13]} Be6 {[%emt 0:02:23]} 15. O-O {[%emt 0:02:13]} Bxd5 {[%emt 0:06:36]} 16. Qxd5 {[%emt 0:00:39]} Qb6 {[%emt 0:02:07]} 17. Qd3 {[%emt 0:01:44]} Rfd8 {[%emt 0:06:04]} 18. h4 {[%emt 0:08:56]} Be7 {[%emt 0:12:05]} 19. Ne3 {[%emt 0:01:11]} Ra7 {[%emt 0:07:11]} 20. Rad1 {[%emt 0:05:09]} a4 {[%emt 0:04:08]} 21. Rc1 {[%emt 0:18:38]} Bf8 {[%emt 0:07:00]} 22. Rfd1 {[%emt 0:01:53]} g6 {[%emt 0:04:08]} 23. Nd5 {[%emt 0:01:45]} Qc5 {[%emt 0:02:00]} 24. g4 {[%emt 0:02:34]} Nd4 {[%emt 0:02:47]} 25. Qd2 {[%emt 0:07:11]} Rb8 {[%emt 0:03:47]} 26. g5 {[%emt 0:08:29]} Bg7 {[%emt 0:04:04]} 27. Qe3 {[%emt 0:02:36]} b3 {[%emt 0:05:04]} 28. a3 {[%emt 0:00:15]} Ne6 {[%emt 0:02:50]} 29. Qg3 {[%emt 0:07:05]} Nf4 {[%emt 0:01:35]} 30. Bf1 {[%emt 0:00:26]} h5 {[%emt 0:03:26]} 31. Rd2 {[%emt 0:00:45]} Qc8 {[%emt 0:05:07]} 32. Nc3 {[%emt 0:06:35]} Bf8 {[%emt 0:01:40]} 33. Rcd1 {[%emt 0:05:16]} Qc6 {[%emt 0:04:34]} 34. Nd5 {[%emt 0:01:00]} Nxd5 {[%emt 0:03:15]} 35. Rxd5 {[%emt 0:00:18]} Qc8 {[%emt 0:00:18]} 36. R1d2 {[%emt 0:04:54]} Rba8 {[%emt 0:01:52]} 37. Be2 {[%emt 0:05:00]} Rc7 {[%emt 0:00:51]} 38. Qf3 {[%emt 0:02:01]} Qd8 {[%emt 0:01:08]} 1/2-1/2

[Event "Silver Lake Open-A 2018"]
[Site "Veliko Gradiste"]
[Date "2018.06.23"]
[Round "8"]
[White "Petrov, Nikita"]
[Black "Gazik, Viktor"]
[Result "0-1"]
[WhiteElo "2589"]
[BlackElo "2490"]
[Annotator "TA"]
[PlyCount "102"]
[EventDate "2018.06.21"]
[EventType "swiss"]
[EventCountry "SRB"]
[SourceTitle "playchess.com"]
[Source "ChessBase"]
[SourceQuality "1"]

{[%evp 16,102,88,66,90,81,94,79,90,82,108,72,90,66,123,115,112,115,121,108,108,86,91,0,108,108,108,108,110,110,120,-72,-75,-74,-68,-63,0,0,-20,-8,-14,-14,0,0,0,-34,-33,-170,-164,-183,-184,-162,-165,-171,-174,-174,-189,-204,-217,-201,-205,-252,-250,-331,-327,-968,-1002,-1031,-1011,-870,-562,-29985,-6087,-29978,-29979,-29979,-593,-29980,-29981,-29971,-29972,-29991,-29992,-29992,-29990,-29990,-29991,-29991,-29991]} 1. e4 c5 2. Nf3 Nc6 3. c3 d6 4. d4 Nf6 5. d5 Nb8 6. Bd3 {B22: Sicilian: 2 c3} g6 7. O-O Bg7 8. c4 O-O 9. Nc3 {LiveBook: 7 Games} e5 10. a3 a5 $146 ({Predecessor:} 10... Na6 11. Bg5 h6 12. Bd2 Nh7 13. Qc1 h5 14. Rb1 Qe7 15. Re1 Bd7 16. g3 Bf6 17. Bh6 {1-0 (40) Gonzalez Garcia,J (2522)-Spraggett,K (2573) Sabadell 2011}) 11. Bd2 Nh5 12. Re1 h6 13. Nb5 Nf4 14. Bf1 a4 (14... Na6 $14) 15. Be3 Ra6 16. Nc3 Qe8 17. Nd2 Nh5 18. Be2 Nf4 19. Bf1 Nh5 $1 20. Nb5 {Black must now prevent Nc7.} Qd8 21. Nb1 Nd7 22. N1c3 Nb6 23. Nxd6 $2 (23. Rc1 $16) 23... Qxd6 $17 24. Nb5 Qe7 25. d6 Qd8 26. Nc7 $1 {[%cal Rc7a6]} Nd7 {And now ...Rc6 would win.} ({Reject} 26... Ra5 $6 27. Qd2 $16) 27. Nxa6 bxa6 28. Qxa4 Nf4 29. b4 Ne6 30. bxc5 Ndxc5 31. Qd1 (31. Bxc5 $15 Nxc5 32. Qc6) 31... Nxe4 32. c5 N4xc5 ({Inferior is} 32... N6xc5 33. Qc2 $16) 33. Rc1 Ne4 34. Rc6 Qd7 35. Rb6 {[#]} Rd8 $1 36. Bxa6 Bxa6 37. Rxa6 {intending Bb6.} Nxd6 38. Ra7 Qc6 39. Qc1 Nc4 40. Bxh6 $2 (40. h4) 40... Bxh6 $19 41. Qxh6 Nf4 {[%csl Gf4][%cal Rc6g2]} 42. Qg5 Rd2 {Threatens to win with ...Qe4!} 43. Rb1 {[#]} Qb6 $1 {[%mdl 512]} 44. Ra8+ (44. Rxb6 Rd1#) 44... Kg7 {[%cal Rb6b1]} 45. Rf1 Ne2+ 46. Kh1 {[#] Strongly threatening Qh4.} Qxf2 $1 {[%cal Rf2f1][%mdl 512] Black mates.} 47. Rb1 (47. Rxf2 Rd1+) 47... Nc3 48. Rc1 Ne4 49. Qg4 Qd4 50. Qf3 Nf2+ 51. Kg1 Nd3+ {Precision: White = 32%, Black = 69%.} 0-1

[Event "Silver Lake Open-A 2018"]
[Site "Veliko Gradiste"]
[Date "2018.06.23"]
[Round "8"]
[White "Sanal, Vahap"]
[Black "Kasparov, Sergey"]
[Result "1-0"]
[WhiteElo "2510"]
[BlackElo "2456"]
[Annotator "TA"]
[PlyCount "89"]
[EventDate "2018.06.21"]
[EventType "swiss"]
[EventCountry "SRB"]
[SourceTitle "playchess.com"]
[Source "ChessBase"]
[SourceQuality "1"]

{[%evp 14,89,35,31,41,37,43,46,75,53,72,65,76,85,68,-74,-76,-75,25,-41,0,0,0,-11,135,145,256,268,288,288,279,277,264,275,263,244,229,233,244,226,268,260,344,356,416,312,341,339,382,367,397,397,397,396,381,375,432,416,431,428,428,428,448,455,524,506,610,604,770,609,985,915,1337,1311,1114,1032,974,974]} 1. e4 d5 2. exd5 Qxd5 3. Nc3 Qd6 4. d4 Nf6 5. Nf3 c6 6. Ne5 Nbd7 {B01: Scandinavian Defence} 7. f4 Nb6 8. g4 {[%cal Bg2g4,Bg4f5][%mdl 32] LiveBook: 32 Games} Be6 {White is slightly better.} 9. Bg2 g6 10. O-O Rd8 11. f5 $146 ({Predecessor:} 11. a4 Bg7 12. g5 Nfd7 13. a5 Nd5 14. Ne4 {0-1 (29) Barrientos Chavarriaga,S (2516)-Tiviakov,S (2621) Bogota 2010}) 11... gxf5 12. gxf5 Bc4 13. Nxc4 Nxc4 14. Qe2 (14. b3 $14 {keeps the upper hand.} Nb6 15. Ne2) 14... Qxd4+ $17 15. Kh1 {[#] aiming for Rf4.} Nd6 ({Black should try} 15... Nd2 $1 $17 {[%cal Rd2f1]} 16. Rd1 Bh6 17. Bxd2 (17. Nb1 $2 Ng4 $19) 17... Bxd2) 16. Rf4 (16. Bf4 $11) 16... Qb6 17. Be3 $36 {[%mdl 2048] White has the initiative.} Qxb2 18. Qe1 {Strongly threatening Rb1.} Bh6 (18... Qxc2 $2 19. Rf2 $18) (18... Rg8 $11 {keeps the balance.} 19. Rb1 Qxc2) 19. Rb1 $16 Bxf4 ({Avoid the trap} 19... Qa3 $2 20. Ra4 $18) (19... Qxc2 $16 {was necessary.} 20. Rf2 {[#]} Qxb1 $1 {[%mdl 512]} 21. Nxb1 Bxe3 22. Qxe3 Ng4) 20. Rxb2 $18 Bxe3 21. Qxe3 Nc4 22. Qc1 ({Not} 22. Qxa7 Nxb2 23. Qxb7 Nd1 $14) 22... Nxb2 23. Qxb2 Rd7 24. Qc1 Rg8 25. Ne4 Nxe4 26. Bxe4 Kd8 27. Bd3 Rd6 28. Qa3 a6 29. Qb4 b5 30. Qa5+ Kd7 31. Qxa6 Rg4 32. Qa7+ Kd8 33. h3 Rh4 34. Qe3 Ra4 35. Qg5 Rxa2 36. Qg8+ {White is clearly winning.} Kd7 37. Qxh7 f6 38. Qg8 Ra4 39. Kh2 Rad4 40. Kg3 R4d5 41. h4 {[%cal Bh3h4,Bh4h5,Bh5h6][%mdl 32]} Re5 42. h5 Rd4 43. h6 Re3+ 44. Kf2 Rh3 45. Qe6+ {Precision: White = 80%, Black = 36%.} 1-0

[Event "Silver Lake Open-A 2018"]
[Site "Veliko Gradiste"]
[Date "2018.06.23"]
[Round "8"]
[White "Kadric, Denis"]
[Black "Kanakaris, Georgios"]
[Result "1/2-1/2"]
[WhiteElo "2509"]
[BlackElo "2399"]
[Annotator "TA"]
[PlyCount "29"]
[EventDate "2018.06.21"]
[EventType "swiss"]
[EventCountry "SRB"]
[SourceTitle "playchess.com"]
[Source "ChessBase"]
[SourceQuality "1"]

{[%evp 17,29,19,22,-37,0,-12,-22,-48,-56,-58,-54,-50,-59,-95]} 1. e4 e6 2. d4 d5 3. Nc3 Bb4 4. Nge2 dxe4 5. a3 Be7 6. Nxe4 Nf6 7. Nxf6+ Bxf6 8. Be3 Nc6 9. Qd2 {C15: Französische Verteidigung (Nimzowitsch-Variante)} O-O {LiveBook: 7 Partien} 10. f4 $146 (10. O-O-O $11) ({Vorgänger:} 10. O-O-O Ne7 11. g4 Nd5 12. Bg2 b5 13. Nc3 Bb7 14. Ne4 Nxe3 15. Qxe3 Bxe4 16. Bxe4 {½-½ (44) Kovchan,A (2605)-Abhishek,K (2400) Abu Dhabi 2015}) 10... b5 11. Nc3 {Die Stellung ist ausgeglichen.} a6 {[%cal Rc6d4,Ba7a6,Ba6a5][%mdl 32]} 12. O-O-O b4 {Schwarz steht etwas besser.} 13. axb4 Nxb4 14. Ne4 a5 15. c3 1/2-1/2

[Event "Silver Lake Open-A 2018"]
[Site "Veliko Gradiste"]
[Date "2018.06.23"]
[Round "8"]
[White "Damljanovic, Branko"]
[Black "Atalik, Suat"]
[Result "1/2-1/2"]
[WhiteElo "2499"]
[BlackElo "2512"]
[Annotator "TA"]
[PlyCount "80"]
[EventDate "2018.06.21"]
[EventType "swiss"]
[EventCountry "SRB"]
[SourceTitle "playchess.com"]
[Source "ChessBase"]
[SourceQuality "1"]

{[%evp 21,80,20,32,6,7,0,0,-25,39,42,69,54,63,60,57,28,37,40,40,-3,0,-34,-36,-29,-31,-39,-31,-28,-28,-35,-28,-29,-31,-36,-18,-25,-5,-60,-66,-90,-89,-89,-94,-90,-9,-12,-13,-31,-17,-24,-5,-7,0,0,0,0,0,-27,-27,-27,10]} 1. Nf3 c5 2. c4 Nc6 3. Nc3 g6 4. e3 Nf6 5. d4 cxd4 6. exd4 d5 7. cxd5 Nxd5 8. Qb3 Nxc3 9. Bc4 e6 10. bxc3 Bd7 11. Be2 {A35: Symmetrical English: 2 Nc3 Nc6 3 Nf3} Na5 {LiveBook: 4 Games} 12. Qb2 $146 ({Predecessor:} 12. Qc2 Bg7 13. Ba3 Bf8 14. Bb2 Bg7 15. Ba3 Bf8 16. Bb2 Bg7 17. Ba3 {½-½ (17) Aronian,L (2794)-So,W (2799) Berlin 2018}) 12... Bg7 13. Bg5 {The position is equal.} Qc7 14. Qa3 {[%csl Gg5][%cal Ra3e7] [#]} Nc6 (14... f6 $11 15. Bh4 Rc8) 15. O-O $14 h6 16. Be3 Ne7 17. c4 Nf5 18. Rac1 (18. Rab1 {feels hotter.} b6 19. Bd3 Nxe3 20. fxe3 Bc6 21. d5) 18... Qd6 19. Qxd6 Nxd6 20. Rfd1 Nf5 21. Bf4 g5 22. Be5 f6 23. Bc7 Rc8 24. Ba5 g4 $36 {[%mdl 2048] Black fights for an advantage.} 25. Ne1 b6 26. Bb4 h5 27. Nc2 Ba4 {aiming for ...Bh6.} 28. Bd3 Bh6 29. Bxf5 (29. Bd2 $1 $11) 29... exf5 $15 30. Re1+ Kf7 31. Ne3 Rhd8 32. d5 Bxe3 ({Black should play} 32... Kg6 $17) 33. fxe3 $11 ({Much worse is} 33. Rxe3 Rxd5 34. Re7+ Kg6 $17) 33... Re8 34. c5 bxc5 35. Rxc5 {With the idea Ra5.} Rxc5 36. Bxc5 $15 {KRB-KRB} Re5 37. Bxa7 Rxd5 {White must now prevent ...Rd2.} 38. Bd4 f4 39. Rc1 fxe3 40. Bxe3 Rd1+ {Precision: White = 35%, Black = 51%.} 1/2-1/2

[Event "Silver Lake Open-A 2018"]
[Site "Veliko Gradiste"]
[Date "2018.06.23"]
[Round "8"]
[White "Cvitan, Ognjen"]
[Black "Ivic, Velimir"]
[Result "1/2-1/2"]
[WhiteElo "2492"]
[BlackElo "2425"]
[Annotator "TA"]
[PlyCount "119"]
[EventDate "2018.06.21"]
[EventType "swiss"]
[EventCountry "SRB"]
[SourceTitle "playchess.com"]
[Source "ChessBase"]
[SourceQuality "1"]

{[%evp 27,119,74,119,48,85,74,91,82,80,64,66,52,61,50,50,43,64,57,85,44,58,40,70,47,117,98,70,78,213,185,214,211,171,168,170,183,192,41,26,25,93,4,0,-54,-54,-64,-58,-197,-18,-18,-18,-18,-18,-18,-20,-57,-57,-48,-52,-133,-117,-112,-130,-133,-129,-144,-153,-137,-85,-82,-75,-75,-75,-75,-82,-85,-60,-68,-52,-58,-68,-70,-71,-78,0,0,0,0,0,0,0,0,0,0]} 1. d4 Nf6 2. c4 g6 3. Nc3 Bg7 4. e4 d6 5. Nf3 O-O 6. Be2 e5 7. O-O Nc6 8. d5 Ne7 9. b4 Nd7 10. a4 f5 11. Nd2 Nf6 12. c5 {E97: King's Indian: Classical Main Line (6...e5 7 0-0 Nc6): 8 Be3 and 8 d5 Ne7, not 9 Ne1} f4 13. Nc4 g5 14. Nb5 Ne8 {LiveBook: 4 Games} 15. Bg4 (15. Ba3 $16) (15. Ba3 Ng6 16. Bg4 Bxg4 17. Qxg4 Rf7 18. f3 Bf6 19. Rfd1 Be7 {1-0 (37) Ernst,S (2553)-Andersen,M (2590) Netherlands 2018}) 15... a6 16. Nc3 Ng6 $146 ({Predecessor:} 16... Nf6 17. Bxc8 Rxc8 18. f3 Ng6 19. Ba3 Rf7 {0-1 (41) Boldoo,E (2200)-Nigmatov,O (2315) Ulaanbaatar 2015}) 17. Ba3 Nh4 18. Bxc8 Qxc8 19. f3 $1 Rf6 20. Ra2 h5 21. Qe1 Ng6 22. a5 Qd7 23. Rc2 g4 24. Kh1 Bf8 25. Qd1 Nh4 (25... Rf7 $14) 26. c6 $36 {[%mdl 2048] White is in control.} bxc6 27. dxc6 Qg7 (27... Qe6 $16) 28. Nd5 $18 Rg6 29. Bb2 Nf6 30. Nxe5 dxe5 31. Bxe5 Nxd5 32. Qxd5+ $2 (32. Bxg7 $18 Ne3 33. Qd3 Bxg7 34. Rcf2) 32... Qf7 $14 {White must now prevent ...gxf3.} 33. fxg4 {Qxf7+ is the strong threat.} hxg4 (33... Qxd5 $1 $11 {remains equal.} 34. exd5 Rxg4) 34. Qxf7+ ({Much worse is} 34. Rxf4 $6 Qxd5 35. exd5 Re8 $11) (34. Bxc7 $1 $16 {And now g3 would win.} f3 35. gxf3 gxf3 36. Be5) 34... Kxf7 $11 35. Rxf4+ (35. Bxc7 $11 f3 36. Bg3 Nxg2 37. Rxg2 Rxc6 38. h3) 35... Ke8 $15 36. h3 Bxb4 37. hxg4 ({White should play} 37. Bxc7 $15 Rc8 38. e5 Rxc7 39. Rxb4) 37... Rd8 $2 ({Less strong is} 37... Bxa5 38. g5 $15) (37... Rh6 $1 $19 {[%cal Rh4f3]} 38. Kg1 Ng6) 38. g3 $11 Rd1+ 39. Kh2 Re6 {Threatens to win with ...Ng6.} 40. Bxc7 Ng6 41. Rf5 {Strongly threatening Rd5.} Ne7 ({Of course not} 41... Rxe4 $6 42. Bb6 $11) 42. Rh5 Nxc6 43. g5 (43. Bf4 $15) 43... Rd2+ $17 44. Rxd2 Bxd2 45. Rh8+ Kf7 46. Bf4 Bxa5 47. Ra8 Nd4 ({Better is} 47... Ne7 $1 48. Kg1 Bb4) 48. Kh3 Bb4 49. Kg4 a5 50. Kh5 {[#]} Nc6 $1 51. Ra6 Ne7 52. Ra7 $1 Rxe4 53. g6+ $1 Ke6 54. Ra6+ Kf5 55. g7 {[#]} Re6 (55... Ng8 $1 $17 {Hoping for ...Re1.} 56. Rb6 Re8 57. Rb5+ Kf6) 56. g4+ $11 {The position is equal.} Kf6 $1 57. Bg5+ Kf7 58. Rxe6 Kxe6 59. Bxe7 Kf7 60. Bf6 {Precision: White = 59%, Black = 39%.} 1/2-1/2

[Event "Silver Lake Open-A 2018"]
[Site "Veliko Gradiste"]
[Date "2018.06.23"]
[Round "8"]
[White "Stojanovic, Mihajlo"]
[Black "Baglan, Esat"]
[Result "1-0"]
[WhiteElo "2488"]
[BlackElo "2314"]
[Annotator "TA"]
[PlyCount "107"]
[EventDate "2018.06.21"]
[EventType "swiss"]
[EventCountry "SRB"]
[SourceTitle "playchess.com"]
[Source "ChessBase"]
[SourceQuality "1"]

{[%evp 9,107,65,83,48,55,49,73,74,68,70,61,49,47,38,54,68,74,15,32,28,38,-23,39,38,38,43,37,40,42,43,83,40,47,35,37,52,39,43,162,166,164,135,175,154,167,175,169,156,173,175,168,174,160,154,147,147,147,147,147,114,114,114,113,114,112,114,108,105,114,101,145,148,242,210,313,342,354,326,360,352,337,335,279,300,300,306,251,144,144,129,123,8,29974,29975,29975,29976,29947,8167,29992,1131]} 1. d4 f5 2. Nc3 Nf6 3. Bg5 d5 4. e3 g6 (4... Be6 5. Nf3 c6 6. Bd3 Nbd7 7. Ne2 g6 8. O-O Bg7 9. Rc1 Ne4 10. c4 h6 11. Bf4 g5 12. cxd5 Bxd5 {½-½ (60) Aronian,L (2789)-Nepomniachtchi,I (2751) chess.com INT 2017}) 5. h4 Be6 6. Nge2 $146 {A80: Dutch Defence: Unusual White second moves} ({Predecessor:} 6. Bd3 Nbd7 7. h5 Rg8 8. hxg6 hxg6 9. Nf3 c6 10. Bf4 Bg7 11. Qe2 Qa5 12. Ng5 {0-1 (44) Hansen,L (2270)-Aabling Thomsen,J (2380) Denmark 2017}) 6... Bf7 7. Nf4 c6 8. h5 {White is better.} Rg8 9. hxg6 hxg6 10. f3 Nbd7 11. Nd3 Bg7 12. Qd2 Qa5 13. b4 (13. O-O-O $16) 13... Qc7 $11 {White should prevent ...Qg3+.} 14. Bf4 Qd8 15. Be5 (15. O-O-O $14) 15... Nh5 (15... Nxe5 $11 16. Nxe5 Nd7) 16. Bxg7 $14 Nxg7 17. b5 Qc7 18. bxc6 bxc6 19. Na4 $36 {[%mdl 2048] White has good play.} e5 20. Nac5 Nxc5 21. Nxc5 Ne6 22. Nxe6 Bxe6 23. Rb1 Rb8 (23... e4 $14) 24. Rxb8+ $18 Qxb8 25. Qc3 Qb6 26. dxe5 Kf7 27. a4 a5 28. Kf2 Kg7 29. Qd4 Qxd4 30. exd4 {[%mdl 4096] Endgame KRB-KRB} Rb8 {[#]} 31. Bd3 $1 Rb4 {[#]} 32. Ke3 $1 Rxa4 33. Rb1 g5 34. Rb7+ Kf8 35. g3 Ra1 36. Rc7 a4 37. Rxc6 Ke7 38. Ra6 a3 39. Kd2 a2 40. Ra7+ Kd8 (40... Kf8 $16 {is a better defense.} 41. Ra8+ Kf7) 41. Kc3 Rg1 (41... g4 $142 42. fxg4 fxg4) 42. Rxa2 Rxg3 43. Kb4 Rxf3 44. Kc5 {aiming for Kd6.} Rh3 45. Kd6 ({Not} 45. Ra6 Ke7 $16) 45... Rh6 46. Ra8+ Bc8+ 47. Kxd5 Kc7 {...Bb7+ is the strong threat.} 48. Rxc8+ (48. Ra7+ $18 Kb6 49. Rg7) 48... Kxc8 $16 49. Bxf5+ $18 {KR-KB} Kd8 50. e6 ({Better is} 50. Kc5 $16) 50... Rh4 $2 {[%mdl 8192]} (50... Ke7 $11) 51. Ke5 g4 52. Kd6 Rh6 53. Bxg4 Rh4 54. e7+ {Precision: White = 72%, Black = 53%.} 1-0